000 00387nam a22001217a 4500
999 _c2640
_d2640
005 20200922114933.0
008 200922b ||||| |||| 00| 0 eng d
020 _a019910025X
040 _cCML
245 _aOxford Junior Encyclopaedia Volume V : Great Lives.
_cSalt, L.E.
260 _aLondon
_bOxford University Press
_c1975
942 _2ddc
_cBK
_e2nd Edition
_h032
_kR
_mOXF